Los rostros de Dios en la Biblia: teología bíblica para meditar
Saved in:
| 主要作者: | |
|---|---|
| 格式: | 图书 |
| 语言: | 西班牙语 |
| 出版: |
Madrid
Biblioteca de Autores Cristianos
2012
|
| 版: | 1a. ed |
| 丛编: | Estudios y Ensayos, 140
|
| 主题: | |
| 标签: |
添加标签
没有标签, 成为第一个标记此记录!
|
MARC
| LEADER | 00000cam a2200000 a 4500 | ||
|---|---|---|---|
| 001 | UCC4111 | ||
| 003 | CL-VaPUC | ||
| 008 | 180713e20120000sp |||||||||||||||||spa|d | ||
| 020 | |a 9788422016151 | ||
| 082 | 0 | 4 | |a 232.8 |b MAY |2 21 |
| 100 | |a Mayoral, Juan Antonio |e autor |9 598264 | ||
| 245 | 1 | 4 | |a Los rostros de Dios en la Biblia: teología bíblica para meditar |
| 250 | |a 1a. ed | ||
| 300 | |a 230 p | ||
| 942 | |c BK | ||
| 945 | |d 20180713 16:21:00 |a dcastane | ||
| 260 | |a Madrid |b Biblioteca de Autores Cristianos |c 2012 | ||
| 650 | 7 | |a DIOS UNITRINO |2 CL-VaPUC |9 580885 | |
| 650 | 7 | |a ESPIRITU SANTO |2 CL-VaPUC |9 598265 | |
| 650 | 0 | |a Existencia de Dios |9 266954 | |
| 583 | |a last modification |c 20180713 16:21:00 |k Rodrigo Vera | ||
| 490 | 0 | |a Estudios y Ensayos, 140 | |
| 999 | |c 371708 |d 371706 | ||
| 952 | |0 0 |1 0 |3 erb |4 0 |6 232_800000000000000_MAY_2012 |7 0 |8 A |9 488817 |a BIBTEO |b BIBTEO |i 5480337 |o 232.8 MAY 2012 |p 5480337 |r 2025-01-17 |w 2019-11-24 |y BK |z Catalogado en:20180713 |k ICR | ||